000 00800nam a2200241 i 4500
001 000002269
003 DO-SdBNP
005 20260527074042.0
007 ta
008 090701s2005 dr 000 0 spa d
040 _aDO-SdBNP
_bspa
_cBNPHU
_erda
082 _bA769
_222
245 1 0 _aEl aroma de la resina :
_bgrata conversación de tres educadores de Santiago de los Caballeros con el maestro de la literatura dominicana, el profesor Juan Bosch Bosch
264 _aSanto Domingo :
_bTaller,
_c2005.
300 _a80 paginas. ;
_c23 cm
336 _2rdacontent
_atexto
_btxt
337 _2rdamedia
_asin mediación
_bn
338 _2rdacarrier
_avolumen
_bnc
590 _aInventariado, 2023/DG
650 0 _aPartidos políticos
_zRepública Dominicana
_9285
910 _aDG
942 _2ddc
_cLBS1
999 _c54259
_d54259